Quiz sur le football danois - Statistiques

Statistiques générales
  • Ce quiz a été pris 92 fois
  • Le résultat moyen est 6 sur 14
Statistiques - réponses
Indice Réponse % Correct
Gardien emblématique de Manchester United Peter Schmeichel
88%
Joueur victime d'un arrêt cardiaque lors de l'Euro 2020 Christian Eriksen
85%
Club le plus titré de l'histoire du championnat FC Copenhague
82%
Année du titre à l'EURO 1992
77%
Joueur emblématique danois, passé par la Juventus, le FC Barcelone ou encore le Real Madrid Michael Laudrup
66%
Joueur le plus capé de l'histoire de la sélection Simon Kjaer
33%
Compétition que le Danemark remporte en 1995 Coupe des confédérations
28%
Club ayant remporté cette compétition en 2007 Brøndby IF
26%
Club ayant remporté le championnat en 2015, 2018 et 2020 FC Midtjylland
24%
Nation contre laquelle le Danemark remporte sa plus large victoire, sur le score de 17-1 France
17%
Meilleurs buteurs de l'histoire de la sélection Jon Dahl Tomasson
13%
Stade principal de l'équipe nationale Parken Stadium
7%
Meilleurs buteurs de l'histoire de la sélection Poul Nielsen
7%
Compétition crée en 2004 et disparue en 2007 qui voyaient s'affronter les meilleures équipes du Danemark, de Norvège et de Suède Royal League
6%
Aucun quiz correspondant
Distribution des résultats
% des personnes avec chaque résultat
Percentile par nombre de réponses
Votre historique - résultats
Vous n’avez pas pris ce quiz